Modelo de formación para el desarrollo profesional docente y directivo

Uloženo v:
Podrobná bibliografie
Korporativní autor: Centro de Perfeccionamiento, Experimentación e Investigaciones Pedagógicas MINEDUC (Autor)
Médium: Kniha
Jazyk:španělština
Vydáno: Santiago Centro de Perfeccionamiento, Experimentación e Investigaciones Pedagógicas MINEDUC 2017
Vydání:1a. ed
Témata:
Tagy: Přidat tag
Žádné tagy, Buďte první, kdo vytvoří štítek k tomuto záznamu!

MARC

LEADER 00000cam a2200000 a 4500
001 UCC3070
003 CL-VaPUC
008 180413e20170000cl |||||||||||||||||spa|d
020 |a 9789562927031 
082 0 4 |a 371.12  |b CEN  |2 21 
110 2 |a Centro de Perfeccionamiento, Experimentación e Investigaciones Pedagógicas MINEDUC  |e author  |9 597130 
245 1 0 |a Modelo de formación para el desarrollo profesional docente y directivo 
250 |a 1a. ed 
300 |a 76 p 
942 |c BK 
945 |d 20180413 15:45:00  |a dcastane 
260 |a Santiago  |b Centro de Perfeccionamiento, Experimentación e Investigaciones Pedagógicas MINEDUC  |c 2017 
650 0 |a Formación profesional de profesores  |9 307493 
650 7 |a COMPETENCIAS DOCENTES  |2 CL-VaPUC  |9 550037 
650 0 |a Desarrollo profesional   |9 492436 
583 |a last modification  |c 20180413 15:45:00  |k Rodrigo Vera 
999 |c 370929  |d 370927 
952 |0 0  |1 0  |3 erb  |4 0  |6 371_120000000000000_CEN_2017  |7 0  |8 A  |9 487704  |a BIBEDU  |b BIBEDU  |i 5464889  |l 1  |o 371.12 CEN 2017  |p 5464889  |r 2022-09-14  |s 2022-09-14  |w 2019-11-24  |y BK  |z Catalogado en:20180413  |k EPE 
952 |0 0  |1 0  |3 erb  |4 0  |6 371_120000000000000_CEN_2017  |7 0  |8 A  |9 487705  |a BIBEDU  |b BIBEDU  |i 5464870  |o 371.12 CEN 2017  |p 5464870  |r 2019-11-24  |w 2019-11-24  |y BK  |z Catalogado en:20180413  |k EPE 
952 |0 0  |1 0  |3 erb  |4 0  |6 371_120000000000000_CEN_2017  |7 0  |8 A  |9 487706  |a BIBEDU  |b BIBEDU  |i 5464862  |o 371.12 CEN 2017  |p 5464862  |r 2019-11-24  |w 2019-11-24  |y BK  |z Catalogado en:20180413  |k EPE